Wasaiq yahodiyyat = وثائق یہودیت / (Record no. 121686)
[ view plain ]
| 000 -LEADER | |
|---|---|
| fixed length control field | 00432nam a22001337a 4500 |
| 005 - DATE AND TIME OF LATEST TRANSACTION | |
| control field | 20210317100331.0 |
| 008 - FIXED-LENGTH DATA ELEMENTS--GENERAL INFORMATION | |
| fixed length control field | 210317b ||||| |||| 00| 0 eng d |
| 040 ## - CATALOGING SOURCE | |
| Transcribing agency | PK-LaUMT |
| 082 ## - DEWEY DECIMAL CLASSIFICATION NUMBER | |
| Classification number | RHC 320.54095694 |
| Item number | WAS- |
| 245 ## - TITLE STATEMENT | |
| Title | Wasaiq yahodiyyat = وثائق یہودیت / |
| Statement of responsibility, etc | translated by Abdul Rasheed Arshad = مترجم عبدالرشید ارشد |
| 260 ## - PUBLICATION, DISTRIBUTION, ETC. (IMPRINT) | |
| Place of publication, distribution, etc | Al-Riaz : |
| Name of publisher, distributor, etc | Thinkers Foram, |
| Date of publication, distribution, etc | NA |
| 300 ## - PHYSICAL DESCRIPTION | |
| Extent | 144 p. |
| 942 ## - ADDED ENTRY ELEMENTS (KOHA) | |
| Koha item type | Books |
| Withdrawn status | Lost status | Damaged status | Home library | Current library | Date acquired | Full call number | Barcode | Date last seen | Price effective from | Koha item type |
|---|---|---|---|---|---|---|---|---|---|---|
| UMT Main Campus | UMT Main Campus | 2021-03-17 | RHC 320.54095694 WAS- | 136715 | 2021-03-17 | 2021-03-17 | Books |
